000 00457pam a2200157 a 4500
020 _a0070200300 (acidfree)
040 _cDLC
082 0 0 _a515 MCG 1994 A033 Or.
100 1 _aFarlow, Stanley J.,
245 1 3 _aAn introduction to differential equations and their applications /
260 _aNew York :
_bMcGraw-Hill,
_cc1994.
300 _axvii, 609 p. :
_bill. ;
_c25 cm.
500 _aIncludes index.
650 0 _aDifferential equations.
942 _cEK
999 _c12414
_d12414